|
|
|
|
| LEADER |
01172nam a2200325Ia 4500 |
| 001 |
EBC3411406 |
| 003 |
MiAaPQ |
| 005 |
20200520144314.0 |
| 006 |
m o d | |
| 007 |
cr cn||||||||| |
| 008 |
121003s2011 enk sb 000 0 eng d |
| 020 |
|
|
|z 9781908009227
|
| 020 |
|
|
|z 9781908009739
|
| 035 |
|
|
|a (MiAaPQ)EBC3411406
|
| 035 |
|
|
|a (Au-PeEL)EBL3411406
|
| 035 |
|
|
|a (CaPaEBR)ebr10603934
|
| 035 |
|
|
|a (OCoLC)815477966
|
| 040 |
|
|
|a MiAaPQ
|c MiAaPQ
|d MiAaPQ
|
| 050 |
|
4 |
|a HD30.28
|b .O45 2011
|
| 100 |
1 |
|
|a Ogilvie, James.
|
| 245 |
1 |
0 |
|a Facing the fold
|h [electronic resource] :
|b essays on scenario planning /
|c James A Ogilvy.
|
| 260 |
|
|
|a Axminster, Devon, UK :
|b Triarchy Press,
|c c2011.
|
| 300 |
|
|
|a viii, 303 p.
|
| 504 |
|
|
|a Includes bibliographical references.
|
| 533 |
|
|
|a Electronic reproduction. Ann Arbor, MI : ProQuest, 2015. Available via World Wide Web. Access may be limited to ProQuest affiliated libraries.
|
| 650 |
|
0 |
|a Strategic planning.
|
| 650 |
|
0 |
|a Emergency management.
|
| 655 |
|
4 |
|a Electronic books.
|
| 710 |
2 |
|
|a ProQuest (Firm)
|
| 856 |
4 |
0 |
|u https://ebookcentral.proquest.com/lib/matrademy/detail.action?docID=3411406
|z Click to View
|